000 00655nam a2200205 i 4500
001 59904
003 ES-MaACL
005 20251123063304.0
007 t|
008 031031s1961 sp ||||1| spa d
100 1 _aEscalante, Amós de,
_d1831-1902
_947461
245 1 0 _aDel Manzanares al Darro /
_cAmós de Escalante.
260 _aMadrid :
_b[s.n.,
_c1961] (
_fSuc. de Rivadeneyra)
300 _aXXXIII, 194 p., 8 lám. ;
_c24 cm.
490 1 _aGeografía literaria y viajes
830 0 _aGeografía literaria y viajes
_9182689
852 _aES-MaACL
_jC-21531
_bR.49920
852 _aES-MaACL
_jC-21916
_bR.50105
999 _c59904
_d59904